000 00364cam a22001457i 4500
005 20250901165807.0
008 161108s2015 ke 000 1 swa
010 _a 2015333916
020 _a9789966510433
050 0 0 _aPL 8704 .O43 2015
100 1 _aOlali, Tom.
245 1 0 _aMashetani wa Alepo /
_cTom Olali.
300 _av, 301 pages ;
_c18 cm
942 _2lcc
999 _c9323
_d9323